[Event "World Blitz Women 2025"]
[Site "Doha QAT"]
[Date "2025.12.29"]
[Round "5.18"]
[White "Muzychuk, Anna"]
[Black "Bivol, Alina"]
[Result "1-0"]
[WhiteTitle "GM"]
[BlackTitle "IM"]
[WhiteElo "2518"]
[BlackElo "2360"]
[WhiteFideId "14111330"]
[BlackFideId "4100123"]
[EventDate "2025.12.29"]

1. e4 d5 2. exd5 Qxd5 3. Nc3 Qa5 4. Bc4 Bf5 5. d3 e6 6. Qe2 Nc6 7. Nf3 Nf6 8.
Bd2 Qc5 9. h3 Be7 10. a3 O-O 11. Bf4 Nd5 12. Bxd5 exd5 13. O-O Rfe8 14. Qd2 d4
15. Ne4 Qb6 16. Rfe1 Bf8 17. Rab1 Rad8 18. Ng3 Bg6 19. Rxe8 Rxe8 20. b4 Ne7 21.
Re1 f6 22. Nh4 Bf7 23. Nhf5 Nd5 24. Rxe8 Bxe8 25. Ne4 a5 26. bxa5 Qxa5 27. Qxa5 1-0

[Event "World Blitz Women 2025"]
[Site "Doha QAT"]
[Date "2025.12.29"]
[Round "5.19"]
[White "Roebers, Eline"]
[Black "Mammadova, Gulnar"]
[Result "1-0"]
[WhiteTitle "IM"]
[BlackTitle "IM"]
[WhiteElo "2396"]
[BlackElo "2330"]
[WhiteFideId "1058401"]
[BlackFideId "13403508"]
[EventDate "2025.12.29"]

1. e4 e5 2. f4 exf4 3. Bc4 c6 4. Nc3 b5 5. Bb3 a5 6. a4 b4 7. Nce2 g5 8. d4 Bg7
9. h4 d5 10. Nf3 g4 11. Ne5 f6 12. Nd3 f3 13. gxf3 gxf3 14. Ng3 Bg4 15. Nf2 h5
16. Bf4 Ne7 17. Qd2 Ng6 18. Be3 Qd6 19. Nf5 Bxf5 20. exf5 Ne7 21. Bf4 Qd7 22.
O-O-O Qxf5 23. Nd3 Nd7 24. Rde1 Kf7 25. Rhg1 Ng6 26. Be3 Rae8 27. Kb1 Nxh4 28.
Qf2 Ng6 29. Rg3 h4 30. Rxf3 Qh5 31. Rg1 Re4 32. Rf5 Qh7 33. Qf3 h3 34. Qxe4 h2
35. Rh1 Re8 36. Qf3 Nh4 37. Qh5+ Qg6 38. Nf4 Qxh5 39. Rxh5 Nf3 40. Nxd5 cxd5 41.
Bxd5+ Kg6 42. Bxf3 Rxe3 43. Bd1 f5 44. R5xh2 Bxd4 45. Rd2 Re4 46. c3 bxc3 47.
bxc3 Bxc3 48. Rxd7 Rb4+ 49. Kc2 Bd4 50. Rd5 Kf6 51. Rf1 Be5 52. Rxa5 f4 53. Kd3
Rd4+ 54. Ke2 Re4+ 55. Kf3 Re3+ 56. Kg2 Rg3+ 57. Kh2 Rg7 58. Bf3 Rh7+ 59. Kg2
Rg7+ 60. Kf2 Bd4+ 61. Ke2 Be3 62. Be4 Re7 63. Kf3 Rd7 64. Rd5 Rc7 65. a5 Rc3 66.
Rd3 Rc5 67. Ra3 Rg5 68. a6 Ba7 69. Ke2 Bb6 70. a7 1-0

[Event "World Blitz Women 2025"]
[Site "Doha QAT"]
[Date "2025.12.29"]
[Round "5.20"]
[White "Fataliyeva, Ulviyya"]
[Black "Arabidze, Meri"]
[Result "0-1"]
[WhiteTitle "IM"]
[BlackTitle "IM"]
[WhiteElo "2434"]
[BlackElo "2413"]
[WhiteFideId "13403052"]
[BlackFideId "13604040"]
[EventDate "2025.12.29"]

1. Nf3 Nf6 2. d4 d5 3. c3 e6 4. Bf4 Bd6 5. e3 O-O 6. Nbd2 b6 7. Ne5 c5 8. Bd3
Ba6 9. Bxa6 Nxa6 10. Qf3 Qc7 11. h4 Nd7 12. Nxd7 Qxd7 13. h5 Bxf4 14. Qxf4 f6
15. h6 g6 16. Kf1 Rae8 17. Qg4 Nb8 18. Kg1 e5 19. Qxd7 Nxd7 20. dxe5 fxe5 21. e4
d4 22. a4 Nf6 23. f3 Nh5 24. Kf2 Nf4 25. Nc4 Re6 26. g3 Nh5 27. Kg2 Nf6 28. g4
Nd7 29. Kf2 a6 30. Ke2 b5 31. axb5 axb5 32. Na3 Rb6 33. cxd4 exd4 34. Rad1 Ne5
35. Rhf1 d3+ 36. Rxd3 Nxd3 37. Kxd3 c4+ 38. Ke3 Rd8 39. e5 Re6 40. f4 Rb6 41. f5
Kf7 42. e6+ Kf6 43. Ke4 gxf5+ 44. gxf5 Rbd6 45. Nxb5 Rd2 46. Nc3 R8d4+ 47. Ke3
R4d3+ 48. Ke4 Rd4+ 49. Ke3 R2d3+ 50. Ke2 Rh3 51. Ra1 Rxh6 52. Ra7 Kxf5 53. e7
Re6+ 54. Kf3 Rd3+ 55. Kf2 Kf6 56. Ne2 Rxe7 57. Ra6+ Kf7 58. Nf4 Rd2+ 59. Kf3
Rxb2 60. Rc6 Rb3+ 61. Kg4 c3 62. Nd5 Rd7 63. Nxc3 Rd3 64. Ne4 Rd4 65. Kf5 Rb5+
66. Kf4 Rbb4 67. Rc7+ Ke8 68. Rxh7 Rxe4+ 69. Kf5 Rf4+ 70. Ke5 Rbe4+ 71. Kd5 Re1
72. Rh8+ Kf7 73. Rh7+ Kg6 74. Ra7 Rf2 75. Kd4 0-1

[Event "World Blitz Women 2025"]
[Site "Doha QAT"]
[Date "2025.12.29"]
[Round "5.21"]
[White "Mungunzul, Bat-Erdene"]
[Black "Priyanka, Nutakki"]
[Result "1-0"]
[WhiteTitle "WIM"]
[BlackTitle "WGM"]
[WhiteElo "2350"]
[BlackElo "2292"]
[WhiteFideId "4902831"]
[BlackFideId "25049615"]
[EventDate "2025.12.29"]

1. d4 d5 2. c4 e6 3. Nf3 Nf6 4. Bg5 Be7 5. Nc3 O-O 6. e3 Nbd7 7. Rc1 c6 8. Bd3
h6 9. Bh4 dxc4 10. Bxc4 b5 11. Bd3 a6 12. Bxf6 Nxf6 13. O-O c5 14. dxc5 Bxc5 15.
Qe2 Qe7 16. Ne4 Nxe4 17. Bxe4 Rb8 18. Ne5 Bb7 19. Qf3 Bxe4 20. Qxe4 Rbc8 21.
Rfd1 Bb6 22. h3 Rxc1 23. Rxc1 Qd6 24. Rc6 Qd8 25. Qc2 a5 26. Qb3 Bc7 27. Qxb5 f6
28. Nd3 Qd7 29. Qc4 Bb8 30. Qxe6+ Qxe6 31. Rxe6 Rd8 32. Ne1 Kf7 33. Rb6 Bd6 1-0

[Event "World Blitz Women 2025"]
[Site "Doha QAT"]
[Date "2025.12.29"]
[Round "5.22"]
[White "Gong, Qianyun"]
[Black "Nurman, Alua"]
[Result "0-1"]
[WhiteTitle "WGM"]
[BlackTitle "WGM"]
[WhiteElo "2228"]
[BlackElo "2367"]
[WhiteFideId "8602425"]
[BlackFideId "13729390"]
[EventDate "2025.12.29"]

1. e4 c5 2. Nf3 d6 3. d4 cxd4 4. Qxd4 Nf6 5. Nc3 Nc6 6. Qd3 g6 7. Be2 Bg7 8. Nd5
Nd7 9. c3 a6 10. O-O O-O 11. Bg5 h6 12. Bh4 Nc5 13. Qc2 g5 14. b4 Nxe4 15. Qxe4
gxh4 16. Nxh4 e6 17. Ne3 d5 18. Qg4 Qg5 19. Qh3 Bxc3 20. f4 Qf6 21. Ng4 Qg7 22.
Rac1 Nd4 23. Bd3 e5 24. f5 Bd2 25. Rcd1 Bxb4 26. Qg3 Kh8 27. h3 Bd6 28. Qe3 Bc5
29. Kh1 Ne6 30. Qc1 Nf4 31. Qxc5 h5 32. f6 Qg5 33. Nxe5 Rg8 34. Nef3 Qg3 35. Qe3
Bxh3 36. gxh3 Qxh3+ 37. Nh2 Qxe3 38. Rf3 Qe5 39. Nf5 Nxd3 40. Ne7 Nf4 41. Rdf1
Qe2 42. R1f2 Qe1+ 43. Rf1 Qe2 44. R1f2 Qe4 45. Nf1 Rg4 46. Nd2 Qe1+ 47. Nf1 Rh4+
48. Kg1 Nh3+ 49. Rxh3 Rxh3 50. Nf5 Rg8+ 51. Ng7 0-1

[Event "World Blitz Women 2025"]
[Site "Doha QAT"]
[Date "2025.12.29"]
[Round "5.23"]
[White "Vo, Thi Kim Phung"]
[Black "Injac, Teodora"]
[Result "0-1"]
[WhiteTitle "WGM"]
[BlackTitle "IM"]
[WhiteElo "2322"]
[BlackElo "2421"]
[WhiteFideId "12401838"]
[BlackFideId "932400"]
[EventDate "2025.12.29"]

1. d4 Nf6 2. c4 e6 3. Nc3 Bb4 4. Nf3 b6 5. g3 Ba6 6. Qb3 c5 7. Bg2 Nc6 8. dxc5
bxc5 9. O-O O-O 10. Bg5 h6 11. Bf4 Na5 12. Qa4 Bxc3 13. bxc3 Bxc4 14. Bd6 Re8
15. Ne5 Bd5 16. Bxc5 Bxg2 17. Kxg2 Qc7 18. Bd4 d6 19. Nf3 e5 20. Be3 Nc4 21. Bc1
Rab8 22. Rd1 Red8 23. Qc2 Qc6 24. Kg1 a5 25. Qf5 Qe4 26. Qxe4 Nxe4 27. Rd3 a4
28. Be3 Rb2 29. Kf1 Rdb8 30. Rad1 Rxa2 31. Bc1 Ra1 32. Be3 Rxd1+ 33. Rxd1 Nxc3
34. Ra1 a3 35. Kg2 a2 36. Bd2 Nxd2 37. Nxd2 Rb2 38. Nc4 Rb1 39. Rxa2 Nxa2 40.
Nxd6 f6 41. Nf5 Kf8 42. h4 h5 43. Nd6 Nc3 44. e3 Rb2 45. Kf1 g6 46. Nc4 Rc2 47.
Na3 Rc1+ 48. Kg2 e4 49. g4 hxg4 50. Kg3 Rg1+ 51. Kh2 Ra1 52. Nc4 f5 53. Ne5 Kg7
54. Kg3 Nd1 55. Nc6 Ra2 56. Nd4 Rxf2 57. Ne6+ Kf6 58. Ng5 Re2 59. Nh7+ Ke5 60.
Nf8 Rxe3+ 61. Kg2 Kf6 62. Nd7+ Ke7 63. Ne5 Re2+ 64. Kf1 Rf2+ 65. Ke1 Kf6 66.
Nd7+ Ke6 67. Nf8+ Kf7 68. Nd7 g3 69. Ne5+ Ke6 70. Nxg6 g2 0-1

[Event "World Blitz Women 2025"]
[Site "Doha QAT"]
[Date "2025.12.29"]
[Round "5.24"]
[White "Ismayil, Malak"]
[Black "Maltsevskaya, Aleksandra"]
[Result "0-1"]
[WhiteTitle "WIM"]
[BlackTitle "IM"]
[WhiteElo "2138"]
[BlackElo "2398"]
[WhiteFideId "13412604"]
[BlackFideId "24174041"]
[EventDate "2025.12.29"]

1. e4 c5 2. Nf3 e6 3. b3 Nc6 4. Bb2 b6 5. g3 Bb7 6. Bg2 Nf6 7. Qe2 d5 8. d3 Be7
9. O-O O-O 10. Nbd2 a5 11. a4 Nb4 12. e5 Nd7 13. Rfc1 Ba6 14. Qe3 Rc8 15. c4 Nb8
16. Bf1 Bb7 17. h4 N8c6 18. h5 h6 19. Ne1 dxc4 20. bxc4 Nd4 21. Bxd4 cxd4 22.
Qe2 Na6 23. Bg2 Bxg2 24. Nxg2 Qc7 25. f4 Bb4 26. Ne4 Nc5 27. Nh4 Nb3 28. Qg4 Kh8
29. Nf3 Qe7 30. Rab1 Nxc1 31. Rxc1 b5 32. axb5 a4 33. f5 exf5 34. Qxf5 Qe6 35.
Qf4 a3 36. Ra1 Ra8 37. Nh4 a2 38. Nf5 Bc3 39. Nxc3 dxc3 40. Nd4 Qb6 41. Kg2 Qa5
42. Nc2 Qa4 43. Qf2 Qa7 44. Qe2 Qb7+ 45. Kh2 Rfe8 46. d4 Qe7 47. c5 Qg5 48. b6
Reb8 49. Qd3 Qxh5+ 50. Kg2 Qg5 51. Qxc3 Qf5 52. Qd2 Ra4 53. Kh2 Qe4 54. Qc3 Qe2+
55. Kh3 Qe4 56. Qb3 Raa8 57. Rxa2 Qh1+ 58. Kg4 h5+ 59. Kf4 Qf1+ 60. Ke3 Qg1+ 61.
Kf3 Qh1+ 62. Ke3 Rd8 63. Rxa8 Rxa8 64. Na3 Qe1+ 65. Kf3 Qf1+ 66. Ke3 Qc1+ 67.
Ke4 Rxa3 68. Qd5 Qh1+ 0-1

[Event "World Blitz Women 2025"]
[Site "Doha QAT"]
[Date "2025.12.29"]
[Round "5.25"]
[White "Gunina, Valentina"]
[Black "Iudina, Veronika"]
[Result "1/2-1/2"]
[WhiteTitle "GM"]
[BlackTitle "WFM"]
[WhiteElo "2393"]
[BlackElo "2204"]
[WhiteFideId "4167570"]
[BlackFideId "24277916"]
[EventDate "2025.12.29"]

1. e4 e5 2. Nf3 Nc6 3. Bc4 Nf6 4. d3 Be7 5. O-O O-O 6. Nc3 d6 7. a4 a5 8. h3 Kh8
9. Re1 Ng8 10. Nd5 f5 11. Nxe7 Qxe7 12. d4 f4 13. b3 exd4 14. Nxd4 Ne5 15. Nf3
Nxc4 16. bxc4 Qf6 17. Rb1 Qg6 18. Rb5 h6 19. Nh4 Qf7 20. Bb2 c6 21. Rb3 Be6 22.
Qxd6 Rad8 23. Qe5 Bxc4 24. Rf3 Rde8 25. Qxa5 Ne7 26. Qc7 Kg8 27. Rb1 Be2 28. Rb3
b5 29. a5 Rc8 30. Qe5 Ng6 31. Nxg6 Qxg6 32. f3 Rce8 33. Qc5 Ra8 34. Ra1 Ra6 35.
Qd4 Rfa8 36. Rba3 Kh7 37. e5 Re8 38. Re1 Bc4 39. Qxf4 Qxc2 40. Bd4 b4 41. Raa1
Bd5 42. Rac1 Qg6 43. Bb6 Raa8 44. Qxb4 Bxf3 45. Qb1 Bd5 46. Qxg6+ Kxg6 47. Rc3
Kf5 48. Rce3 g6 49. Rf1+ Kg5 50. Rg3+ Kh5 51. Re3 Re6 52. Kh2 g5 53. Ree1 Rae8
54. Bd4 Bc4 55. Rf2 Rd8 56. Bc3 Rd3 57. Ba1 Ra3 58. Rf6 Rxf6 59. exf6 Rxa5 60.
Bd4 Rd5 61. Bc3 Rd3 62. Bb4 Kg6 63. Be7 Rd2 64. Re3 Bd5 65. Rg3 h5 66. h4 g4 67.
Kg1 Re2 68. Kf1 Bc4 69. Kg1 Bd5 70. Kh2 Kf5 71. Kg1 Kf4 72. Bd6+ Kf5 73. Be7 Kg6
74. Kh2 Kf5 75. Kg1 Kg6 76. Kf1 Bc4 77. Kg1 Bd5 78. Kh1 Kf7 79. Kh2 Ke6 80. Kg1
Kd7 81. Kf1 Bc4 82. Kg1 Bd5 83. Bc5 Ke6 84. Bd4 Kf7 85. Kf1 Bc4 86. Kg1 Bd5 87.
Ra3 Rxg2+ 88. Kf1 Rd2 89. Ra7+ Kg6 90. Rg7+ Kf5 91. f7 Bxf7 92. Rxf7+ Ke4 93.
Bf2 Rd5 94. Rf6 c5 95. Kg2 c4 96. Rc6 Kd3 97. Be1 Re5 98. Bb4 Re2+ 99. Kg3 Re3+
100. Kg2 Rh3 101. Rd6+ Kc2 102. Be1 Re3 103. Bf2 Rd3 104. Rc6 c3 105. Rc5 Kd1
106. Bg3 Rxg3+ 107. Kxg3 c2 108. Rd5+ Ke2 109. Re5+ Kd2 110. Rd5+ Ke3 111. Re5+
Kd3 112. Rc5 Kd2 113. Rd5+ Kc3 114. Rxh5 Kd4 115. Rg5 1/2-1/2

[Event "World Blitz Women 2025"]
[Site "Doha QAT"]
[Date "2025.12.29"]
[Round "5.26"]
[White "Rodriguez Redondo, Adhara"]
[Black "Kamalidenova, Meruert"]
[Result "1-0"]
[WhiteTitle "WFM"]
[BlackTitle "IM"]
[WhiteElo "2207"]
[BlackElo "2366"]
[WhiteFideId "32065698"]
[BlackFideId "13712802"]
[EventDate "2025.12.29"]

1. e4 c5 2. Nf3 Nc6 3. d4 cxd4 4. Nxd4 Nf6 5. Nc3 e5 6. Ndb5 d6 7. Bg5 a6 8. Na3
b5 9. Nab1 Be7 10. Bxf6 Bxf6 11. a4 b4 12. Nd5 O-O 13. Bc4 Bg5 14. O-O g6 15. c3
Qa5 16. Qd3 Kg7 17. Nd2 Bxd2 18. Qxd2 bxc3 19. bxc3 Qc5 20. Ne3 Na5 21. Qd5 Rb8
22. Rab1 Bb7 23. Qxc5 dxc5 24. Bd5 Bc6 25. Bxc6 Nxc6 26. Nc4 Rfd8 27. g3 f6 28.
Rfd1 Kf7 29. Kg2 Ke7 30. Rxd8 Kxd8 31. Rd1+ Ke7 32. Rd6 Na5 33. Rb6 Rxb6 34.
Nxb6 Nb3 35. Kf3 Nd2+ 36. Ke3 Nf1+ 37. Kd3 Nxh2 38. Kc4 Ng4 39. f3 Nf2 40. Kxc5
h5 41. Nd5+ Ke6 42. Kb6 g5 43. c4 1-0

[Event "World Blitz Women 2025"]
[Site "Doha QAT"]
[Date "2025.12.29"]
[Round "5.27"]
[White "Charkhalashvili, Inga"]
[Black "Beydullayeva, Govhar"]
[Result "1/2-1/2"]
[WhiteTitle "WGM"]
[BlackTitle "WGM"]
[WhiteElo "2235"]
[BlackElo "2364"]
[WhiteFideId "13601431"]
[BlackFideId "13413015"]
[EventDate "2025.12.29"]

1. d4 d5 2. c4 e6 3. Nc3 Be7 4. Nf3 Nf6 5. Bg5 h6 6. Bh4 Nbd7 7. e3 O-O 8. Rc1
c5 9. cxd5 Nxd5 10. Bxe7 Nxe7 11. Be2 cxd4 12. Nxd4 Ne5 13. O-O a6 14. Ne4 Qd5
15. Nc3 Qa5 16. a3 Rd8 17. Qa4 Qxa4 18. Nxa4 Nd5 19. Rfd1 Bd7 20. Nc5 Rab8 21.
e4 Nf4 22. Bf1 Be8 23. Ndb3 Rxd1 24. Rxd1 b6 25. Nxa6 Rc8 26. Rc1 Rd8 27. g3
Nfd3 28. Rc7 Nxb2 29. f4 Nf3+ 30. Kg2 Nd2 31. Nxd2 Rxd2+ 32. Kf3 Ba4 33. Nb4
Bd1+ 34. Ke3 Rxh2 35. Rc8+ Kh7 36. Rc7 Kg6 37. f5+ exf5 38. exf5+ Kxf5 39. Rxf7+
Kg6 40. Rb7 Na4 41. Bd3+ Kf6 42. Nd5+ Ke5 43. Nxb6 Nxb6 44. Rxb6 Rg2 45. Rg6 Ra2
46. Rxg7 Rxa3 47. Kd2 Bf3 48. Re7+ Kf6 49. Rh7 Kg5 50. Rg7+ Kh5 51. Ke3 Bg4 52.
Kd4 Ra4+ 53. Ke5 Ra5+ 54. Kf4 Ra4+ 55. Be4 Rb4 56. Re7 Rb5 57. Bc6 Rf5+ 58. Ke3
Bd1 59. Be4 Rg5 60. Kf4 Rg4+ 61. Kf5 Rxg3 62. Kf4 Rg4+ 63. Kf5 Rg5+ 64. Kf4 Rg4+
65. Kf5 Rg1 66. Kf4 Rf1+ 67. Kg3 Rg1+ 68. Kf4 Rf1+ 69. Kg3 Rg1+ 1/2-1/2

[Event "World Blitz Women 2025"]
[Site "Doha QAT"]
[Date "2025.12.29"]
[Round "5.28"]
[White "Khamdamova, Afruza"]
[Black "Khafizova, Diana"]
[Result "0-1"]
[WhiteTitle "WGM"]
[BlackTitle "WFM"]
[WhiteElo "2403"]
[BlackElo "2234"]
[WhiteFideId "14210444"]
[BlackFideId "34378049"]
[EventDate "2025.12.29"]

1. e4 e5 2. Nf3 Nf6 3. Nxe5 d6 4. Nf3 Nxe4 5. Bd3 Nf6 6. O-O Be7 7. c3 O-O 8.
Bc2 Re8 9. d4 h6 10. h3 d5 11. Bf4 Bd6 12. Bxd6 Qxd6 13. Nbd2 Be6 14. Ne5 Nbd7
15. Ndf3 Ne4 16. Re1 Bf5 17. Nxd7 Bxd7 18. Ne5 Nf6 19. Qf3 c5 20. dxc5 Qxc5 21.
Nxd7 Nxd7 22. Rad1 Nf6 23. Bb3 Rxe1+ 24. Rxe1 Rd8 25. Rd1 b5 26. Rd4 a5 27. a3
Rd6 28. Qf4 Rd8 29. Ba2 Qe7 30. Qd2 Qc5 31. Qd3 Rd6 32. g3 g6 33. Kg2 Kg7 34.
Qf3 Rd7 35. Rf4 Qd6 36. Qd3 Qc6 37. Qd4 Rd6 38. h4 h5 39. Rf3 Kg8 40. Re3 Re6
41. Kg1 Rxe3 42. Qxe3 Kg7 43. Qd4 Qe6 44. Kf1 Qh3+ 45. Ke2 Qh1 46. Bb3 Qb1 47.
Qd2 Ne4 48. Qc2 Qg1 49. Ke3 Nxg3 50. Bxd5 Nf5+ 51. Ke2 Nxh4 52. c4 Qg4+ 53. Kf1
bxc4 54. Bxc4 Nf3 55. Qc3+ Kh7 56. Bd5 Ng5 57. Bb3 h4 58. Qe3 h3 59. Qg3 Qxg3
60. fxg3 Kg7 61. Bc2 Nf3 62. b4 axb4 63. axb4 Nd4 64. Bd3 Kf6 65. Kf2 Ke5 66.
Bc4 f5 67. b5 g5 68. b6 Kd6 69. Kg1 Kc6 70. g4 fxg4 0-1

[Event "World Blitz Women 2025"]
[Site "Doha QAT"]
[Date "2025.12.29"]
[Round "5.29"]
[White "Nguyen Hong Nhung"]
[Black "Dzagnidze, Nana"]
[Result "1-0"]
[WhiteTitle "FM"]
[BlackTitle "GM"]
[WhiteElo "2268"]
[BlackElo "2469"]
[WhiteFideId "12412201"]
[BlackFideId "13601903"]
[EventDate "2025.12.29"]

1. e4 c5 2. Nf3 d6 3. d4 cxd4 4. Nxd4 Nf6 5. Nc3 a6 6. Bg5 e6 7. f4 h6 8. Bh4
Nbd7 9. Qf3 e5 10. Nf5 exf4 11. Bxf6 Nxf6 12. Qxf4 Bxf5 13. Qxf5 Be7 14. O-O-O
Qc8 15. Qf3 O-O 16. Bd3 Qe6 17. Kb1 Rac8 18. Ne2 Qe5 19. g4 Nd7 20. Qf5 Bf6 21.
c3 Nc5 22. Bc2 Qxf5 23. exf5 Be5 24. h4 Rfe8 25. g5 Nd7 26. Nd4 Nf8 27. Nf3 Nh7
28. Bb3 Kf8 29. Rhf1 hxg5 30. hxg5 f6 31. g6 Ng5 32. Nd2 Ke7 33. Nc4 Rh8 34. Nb6
Rc5 35. Rfe1 Rh2 36. Nd5+ Kd8 37. Rxe5 dxe5 38. Nxf6+ Kc7 39. Ne8+ Kb6 40. Nxg7
e4 41. f6 Rf2 42. Ne8 e3 43. Re1 e2 44. Kc2 Rc8 45. f7 Nxf7 46. gxf7 Rd8 47. Bc4
Kc5 48. Rxe2 Rf4 49. Bb3 a5 50. a4 b6 51. Ng7 Kd6 52. Ne6 1-0

[Event "World Blitz Women 2025"]
[Site "Doha QAT"]
[Date "2025.12.29"]
[Round "5.30"]
[White "Kurmangaliyeva, Liya"]
[Black "Song, Yuxin"]
[Result "0-1"]
[WhiteTitle "FM"]
[BlackTitle "IM"]
[WhiteElo "2339"]
[BlackElo "2454"]
[WhiteFideId "13725831"]
[BlackFideId "8614300"]
[EventDate "2025.12.29"]

1. Nf3 d5 2. g3 Nf6 3. Bg2 c5 4. O-O Nc6 5. d4 e6 6. c4 dxc4 7. Ne5 Bd7 8. Nxc4
cxd4 9. Bf4 Nd5 10. Nd6+ Bxd6 11. Bxd6 Nde7 12. Nd2 O-O 13. Qb3 Bc8 14. Ba3 Re8
15. Rac1 e5 16. Ne4 Na5 17. Qd3 Bf5 18. g4 Bg6 19. h4 Nd5 20. h5 Nf4 21. Qf3
Bxe4 22. Qxe4 Nc6 23. Rfd1 Qg5 24. Bf3 g6 25. hxg6 hxg6 26. e3 Ne6 27. Kf1 Qf6
28. Bg2 Rad8 29. b4 Ng5 30. Qd3 e4 31. Qe2 d3 32. Qb2 Qe6 33. b5 Ne5 34. Rc5
Ngf3 35. Qc3 Qxg4 0-1

[Event "World Blitz Women 2025"]
[Site "Doha QAT"]
[Date "2025.12.29"]
[Round "5.31"]
[White "Khademalsharieh, Sarasadat"]
[Black "Mamedjarova, Zeinab"]
[Result "1-0"]
[WhiteTitle "IM"]
[BlackTitle "WGM"]
[WhiteElo "2414"]
[BlackElo "2155"]
[WhiteFideId "12512214"]
[BlackFideId "13401521"]
[EventDate "2025.12.29"]

1. d4 d5 2. Nf3 Nf6 3. g3 e6 4. Bg2 Be7 5. O-O O-O 6. b3 b6 7. Bb2 a5 8. a4 Ba6
9. Nbd2 Nbd7 10. Re1 c5 11. Ne5 Rc8 12. c4 Nxe5 13. dxe5 Ne8 14. e3 f6 15. cxd5
exd5 16. Nf3 Nc7 17. exf6 Bxf6 18. Ne5 Qd6 19. f4 Rcd8 20. Qh5 Bc8 21. Rad1 Qe6
22. h3 Qf5 23. Qe2 g6 24. Nc6 Rd6 25. Bxf6 Qxf6 26. Ne5 Be6 27. Rd2 Rfd8 28.
Red1 d4 29. exd4 Rxd4 30. Rxd4 Rxd4 31. Rxd4 cxd4 32. Qd3 Qd8 33. Nc6 Qd6 34.
Qxd4 Qxd4+ 35. Nxd4 Bd7 36. Kf2 Kf7 37. Ke3 Ke7 38. g4 1-0

[Event "World Blitz Women 2025"]
[Site "Doha QAT"]
[Date "2025.12.29"]
[Round "5.32"]
[White "Tokhirjonova, Gulrukhbegim"]
[Black "Salimova, Nurgyul"]
[Result "0-1"]
[WhiteTitle "IM"]
[BlackTitle "IM"]
[WhiteElo "2372"]
[BlackElo "2396"]
[WhiteFideId "14203626"]
[BlackFideId "2915138"]
[EventDate "2025.12.29"]

1. d4 d5 2. Nf3 Nf6 3. c4 e6 4. g3 Be7 5. Bg2 O-O 6. O-O a5 7. Qc2 Nc6 8. a3
dxc4 9. Qxc4 a4 10. Nc3 Bd7 11. Bf4 Nh5 12. Be3 Na5 13. Qd3 Nf6 14. Ne5 Be8 15.
Rad1 Nd5 16. Bd2 Nb6 17. e4 f6 18. Ng4 Nbc4 19. Bc1 b5 20. Ne3 Rb8 21. Bh3 Rb6
22. f4 Bh5 23. g4 Be8 24. Bg2 Rb8 25. Kh1 c6 26. d5 e5 27. f5 Bc5 28. Nxc4 Nxc4
29. Nxa4 Bd4 30. Nc3 Bf7 31. b3 Nxa3 32. Bxa3 b4 33. Bb2 bxc3 34. Ba3 Re8 35.
Qc4 Rc8 36. Qd3 cxd5 37. Bc1 c2 38. Rd2 Rc3 39. Qe2 dxe4 40. Rxc2 Bxb3 41. Rxc3
Bxc3 42. Qxe4 Qd4 43. Qb7 Bf7 44. Qb5 Rd8 45. h3 Bc4 46. Qb7 Bxf1 47. Bxf1 Qd1
48. Qb5 Qxc1 49. Qc4+ Kh8 0-1

[Event "World Blitz Women 2025"]
[Site "Doha QAT"]
[Date "2025.12.29"]
[Round "5.33"]
[White "Vantika, Agrawal"]
[Black "Gaal, Zsoka"]
[Result "0-1"]
[WhiteTitle "IM"]
[BlackTitle "IM"]
[WhiteElo "2369"]
[BlackElo "2374"]
[WhiteFideId "25050389"]
[BlackFideId "777765"]
[EventDate "2025.12.29"]

1. d4 Nf6 2. c4 g6 3. Nc3 d5 4. cxd5 Nxd5 5. Na4 Bg7 6. e4 Nb6 7. Nf3 O-O 8. Be3
Bg4 9. Nc5 Nc6 10. Nxb7 Qb8 11. Nc5 Rd8 12. d5 Bxb2 13. Rb1 Bc3+ 14. Bd2 Bxf3
15. gxf3 Bxd2+ 16. Qxd2 Ne5 17. Be2 c6 18. O-O cxd5 19. Qg5 dxe4 20. fxe4 Qc7
21. Rbc1 Nc6 22. Bb5 Qe5 23. Qe3 Nd4 24. Be2 Rac8 25. Nb3 Nxe2+ 26. Qxe2 Qg5+
27. Kh1 Nd7 28. Rxc8 Rxc8 29. Nd4 Nf6 30. f4 Qc5 31. Rd1 Qc4 32. Qxc4 Rxc4 33.
e5 Nd5 34. Nc6 e6 35. Nxa7 Ra4 36. Nc6 Rxa2 37. Rb1 Nxf4 38. Rb7 Ra1+ 0-1

[Event "World Blitz Women 2025"]
[Site "Doha QAT"]
[Date "2025.12.29"]
[Round "5.34"]
[White "Mammadzada, Gunay"]
[Black "Kaliakhmet, Elnaz"]
[Result "0-1"]
[WhiteTitle "IM"]
[BlackTitle "WIM"]
[WhiteElo "2390"]
[BlackElo "2329"]
[WhiteFideId "13403729"]
[BlackFideId "13730169"]
[EventDate "2025.12.29"]

1. e4 e5 2. Nf3 Nc6 3. Bc4 Nf6 4. d3 d5 5. exd5 Nxd5 6. O-O Nb6 7. Bb5 Bd6 8. d4
e4 9. Re1 f5 10. Ne5 O-O 11. f4 Nxe5 12. fxe5 Be7 13. Nc3 Be6 14. Bf1 c5 15. Nb5
a6 16. Nd6 Bxd6 17. exd6 Qxd6 18. dxc5 Qxc5+ 19. Be3 Qc6 20. c3 Rad8 21. Bd4 f4
22. Qh5 f3 23. gxf3 exf3 24. Qg5 Rxd4 0-1

[Event "World Blitz Women 2025"]
[Site "Doha QAT"]
[Date "2025.12.29"]
[Round "5.35"]
[White "Bayasgalan, Khishigbaatar"]
[Black "Khalilova, Madinabonu"]
[Result "0-1"]
[WhiteTitle "WCM"]
[BlackTitle "WCM"]
[WhiteElo "2249"]
[BlackElo "2241"]
[WhiteFideId "4904311"]
[BlackFideId "14223422"]
[EventDate "2025.12.29"]

1. d4 Nf6 2. c4 g6 3. Nf3 Bg7 4. g3 O-O 5. Bg2 d5 6. O-O dxc4 7. Qc2 b5 8. Ne5
Nd5 9. a4 c6 10. axb5 cxb5 11. Nc3 Bb7 12. Nxb5 Nb4 13. Qxc4 Bxg2 14. Kxg2 a5
15. Bd2 N8a6 16. Bxb4 Nxb4 17. Nc3 Rc8 18. Qb5 Qxd4 19. Nf3 Qd6 20. Rfd1 Qc6 21.
Qxa5 Rb8 22. Rac1 Qb7 23. Qg5 h6 24. Qe3 e6 25. Na4 Nd5 26. Qd2 Rfc8 27. Rxc8+
Rxc8 28. Rc1 Rxc1 29. Qxc1 Qa6 30. Qc2 g5 31. Nc5 Qc6 32. Qc1 g4 33. Nd3 gxf3+
34. exf3 Qxc1 35. Nxc1 Bxb2 36. Nd3 Bd4 37. f4 Kg7 38. Kf3 h5 39. h4 f5 40. Ne1
Nf6 41. Nc2 Bc5 42. Ne1 Kf7 43. Nd3 Bd4 44. Ke2 Ne4 45. Kf3 Ke7 46. Kg2 Kd6 47.
f3 Nf6 48. Nb4 Bc3 49. Nc2 Kd5 50. Ne3+ Kd4 51. Nd1 Bd2 52. Nf2 e5 53. fxe5 Kxe5
54. Nd3+ Kd4 55. Nf2 Ke3 0-1

[Event "World Blitz Women 2025"]
[Site "Doha QAT"]
[Date "2025.12.29"]
[Round "5.36"]
[White "Krush, Irina"]
[Black "Jarocka, Liwia"]
[Result "1/2-1/2"]
[WhiteTitle "GM"]
[BlackTitle "FM"]
[WhiteElo "2402"]
[BlackElo "2258"]
[WhiteFideId "2012782"]
[BlackFideId "21807558"]
[EventDate "2025.12.29"]

1. c4 e6 2. Nf3 d5 3. g3 Nf6 4. Bg2 Be7 5. O-O O-O 6. d4 a5 7. Nbd2 Nbd7 8. Qc2
c5 9. cxd5 exd5 10. dxc5 Nxc5 11. Nb3 Nce4 12. Nbd4 Bd7 13. Bf4 Rc8 14. Qd3 Qb6
15. Ne5 Nc5 16. Qd1 Bb5 17. Nf5 Rfe8 18. Re1 Rcd8 19. Nxe7+ Rxe7 20. Nf3 Qa6 21.
Nd4 Bd7 22. Rc1 Nce4 23. Qd3 b5 24. Rc7 Rc8 25. Rec1 Rxc7 26. Rxc7 Ne8 27. Nf5
Bxf5 28. Rxe7 N8f6 29. Qd4 h6 30. h3 Qc6 31. g4 Bg6 32. Rc7 Qe6 33. Qe5 Qb6 34.
Be3 Qa6 35. Bd4 b4 36. f3 Qxe2 37. fxe4 dxe4 38. Rc1 Qd2 39. Rf1 e3 40. Qb8+ Kh7
41. Bxf6 e2 42. Bh4 exf1=R+ 43. Bxf1 Qd4+ 44. Bf2 Qxb2 45. h4 Qb1 46. Qb5 Qxa2
47. h5 Be4 48. Bd3 Qe6 49. Bxe4+ Qxe4 50. Qf5+ Qxf5 51. gxf5 a4 52. Bc5 b3 53.
Ba3 g6 54. hxg6+ fxg6 55. f6 Kg8 56. Kf2 Kf7 57. Bb2 a3 58. Bxa3 Kxf6 59. Ke3 h5
60. Kd3 Kf5 61. Kc3 g5 62. Kxb3 h4 63. Kc2 Ke4 64. Kd2 g4 65. Ke2 g3 66. Bd6 g2
67. Kf2 h3 68. Bh2 Kf5 69. Kg3 1/2-1/2